|
|
|
|
| LEADER |
01305njm a2200361 a 4500 |
| 001 |
000421942 |
| 003 |
CZ BrMZK |
| 005 |
20041008084050.0 |
| 008 |
010907s1993 xr f und d |
| 028 |
0 |
3 |
|a LT 0010-2 531
|b Lotos
|
| 040 |
|
|
|a BOA001
|b cze
|
| 080 |
|
|
|a 784.4"199"(086.7)
|2 MRF
|
| 100 |
1 |
|
|a Stivín, Jiří,
|d 1942-
|7 jn19990209799
|4 prf
|
| 245 |
1 |
0 |
|a Abrahamoviny :
|b Reduta live
|h [zvukový záznam] : 23.11.1992 /
|c Jiří Stivín & co.
|
| 246 |
3 |
3 |
|a Sombrero Sam
|
| 246 |
3 |
3 |
|a St. Thomas
|
| 246 |
3 |
3 |
|a U Dunaja
|
| 246 |
3 |
3 |
|a Autumn leaves
|
| 246 |
3 |
3 |
|a Blues 50
|
| 246 |
3 |
3 |
|a Lover man
|
| 246 |
3 |
3 |
|a Ohnivé propasti země
|
| 246 |
3 |
3 |
|a Polka dots and moonbeams
|
| 260 |
|
|
|a Praha :
|b Lotos,
|c p1993
|
| 300 |
|
|
|a 1 CD :
|b DDD ;
|c 12 cm +
|e 1 brožura [12 s.].
|
| 500 |
|
|
|a Text v brož. vícejaz. - Seznam členů doprovod. skupiny v brož.
|
| 500 |
|
|
|a Nahr. 1992
|
| 500 |
|
|
|a Durata neuv
|
| 505 |
2 |
|
|a Ohnivé propasti země, Lover man, St. Thomas ... [et al.]
|
| 653 |
0 |
|
|a jazzová hudba
|a příčná flétna
|a sopránový saxofon
|a tenorový saxofon
|a zobcová flétna
|
| 910 |
|
|
|a BOA001
|b CD-0007.243
|
| 964 |
|
|
|a Hudba jazzová
|z stol.20.,léta 90.
|x CD
|
| 990 |
|
|
|a AV
|
| 996 |
6 |
|
|b 261H007743
|c CD-0007.243
|l MZK
|r Sklad / do 24 hodin
|n 0
|p p.v.
|w 000421942
|u 000010
|a 1
|e BOA001
|j MZK50
|s P
|